<?xml version="1.0" encoding="UTF-8"?>
<record
    xmlns:xsi="http://www.w3.org/2001/XMLSchema-instance"
    xsi:schemaLocation="http://www.loc.gov/MARC21/slim http://www.loc.gov/standards/marcxml/schema/MARC21slim.xsd"
    xmlns="http://www.loc.gov/MARC21/slim">

  <leader>02117nam a2200289 i 4500</leader>
  <controlfield tag="001">000000374</controlfield>
  <controlfield tag="003">DO-SdBNP</controlfield>
  <controlfield tag="005">20250613104141.0</controlfield>
  <controlfield tag="007">ta</controlfield>
  <controlfield tag="008">081117s19uu    dr ac         000 0 spa d</controlfield>
  <datafield tag="040" ind1=" " ind2=" ">
    <subfield code="a">DO-SdBNP</subfield>
    <subfield code="b">spa</subfield>
    <subfield code="c">BNPHU</subfield>
    <subfield code="e">rda</subfield>
  </datafield>
  <datafield tag="082" ind1=" " ind2="4">
    <subfield code="a">xxx</subfield>
    <subfield code="b">xxx</subfield>
    <subfield code="2">22</subfield>
  </datafield>
  <datafield tag="100" ind1="1" ind2=" ">
    <subfield code="a">Marcelo, Nidia,</subfield>
    <subfield code="e">autor</subfield>
    <subfield code="4">aut.</subfield>
    <subfield code="9">1256</subfield>
  </datafield>
  <datafield tag="245" ind1="1" ind2="0">
    <subfield code="a">Nueva matem&#xE1;tica :</subfield>
    <subfield code="b">educaci&#xF3;n primaria /</subfield>
    <subfield code="c">Nidia Marcelo.</subfield>
  </datafield>
  <datafield tag="260" ind1=" " ind2=" ">
    <subfield code="a">Santo Domingo :</subfield>
    <subfield code="b">Susaeta,</subfield>
    <subfield code="c">[19--].</subfield>
  </datafield>
  <datafield tag="264" ind1=" " ind2="1">
    <subfield code="a">Santo Domingo :</subfield>
    <subfield code="b">Susaeta,</subfield>
    <subfield code="c">19--?.</subfield>
  </datafield>
  <datafield tag="300" ind1=" " ind2=" ">
    <subfield code="a">volumenes :</subfield>
    <subfield code="b">ilustraciones, retratos ;</subfield>
    <subfield code="c">25 cm.</subfield>
  </datafield>
  <datafield tag="336" ind1=" " ind2=" ">
    <subfield code="a">texto</subfield>
    <subfield code="b">txt</subfield>
    <subfield code="2">rdacontent</subfield>
  </datafield>
  <datafield tag="337" ind1=" " ind2=" ">
    <subfield code="a">sin mediaci&#xF3;n</subfield>
    <subfield code="b">n</subfield>
    <subfield code="2">rdamedia</subfield>
  </datafield>
  <datafield tag="338" ind1=" " ind2=" ">
    <subfield code="a">volumen</subfield>
    <subfield code="b">nc</subfield>
    <subfield code="2">rdacarrier</subfield>
  </datafield>
  <datafield tag="500" ind1=" " ind2=" ">
    <subfield code="a">Educaci&#xF3;n primaria</subfield>
  </datafield>
  <datafield tag="500" ind1=" " ind2=" ">
    <subfield code="a">La biblioteca solamente posee los volumenes 3, 4 y 5.</subfield>
  </datafield>
  <datafield tag="505" ind1="0" ind2=" ">
    <subfield code="a">v. 3--</subfield>
    <subfield code="g">Capitulo 1 --</subfield>
    <subfield code="t">Conjuntos - N&#xFA;meros - Numerales --</subfield>
    <subfield code="g">Capitulo 2 --</subfield>
    <subfield code="t">Combinaciones de adici&#xF3;n - Sustraci&#xF3;n --</subfield>
    <subfield code="g">Capitulo 3 --</subfield>
    <subfield code="t">M&#xE1;s sobre adicci&#xF3;n y sustraci&#xF3;n --</subfield>
    <subfield code="g">Capitulo 4 --</subfield>
    <subfield code="t">Planos --</subfield>
    <subfield code="g">Capitulo 5 --</subfield>
    <subfield code="t">Multiplicaci&#xF3;n --</subfield>
    <subfield code="g">Capitulo 6 --</subfield>
    <subfield code="t">La divisi&#xF3;n --</subfield>
    <subfield code="g">Capitulo 7 --</subfield>
    <subfield code="t">Fracciones y medidas --</subfield>
    <subfield code="g">Capitulo 8 --</subfield>
    <subfield code="t">Figuras geom&#xE9;tricas.</subfield>
  </datafield>
  <datafield tag="505" ind1="0" ind2=" ">
    <subfield code="a">v. 4--</subfield>
    <subfield code="g">Capitulo 1 --</subfield>
    <subfield code="t">Conjuntos - N&#xFA;meros - Numerales --</subfield>
    <subfield code="g">Capitulo 2 --</subfield>
    <subfield code="t">Adicci&#xF3;n - Sustraci&#xF3;n --</subfield>
    <subfield code="g">Capitulo 3 --</subfield>
    <subfield code="t">Multiplicaci&#xF3;n y divisi&#xF3;n --</subfield>
    <subfield code="g">Capitulo 4 --</subfield>
    <subfield code="t">Fracciones y n&#xFA;meros fraccionarios --</subfield>
    <subfield code="g">Cap&#xED;tulo 5 --</subfield>
    <subfield code="t">Operaciones con fracciones --</subfield>
    <subfield code="g">Cap&#xED;tulo 6 --</subfield>
    <subfield code="t">Sistemas de medidas --</subfield>
    <subfield code="g">Cap&#xED;tulo 7 --</subfield>
    <subfield code="t">Geometr&#xED;a - Plano - Semiplano - Rectas --</subfield>
    <subfield code="g">Cap&#xED;tulo 8 --</subfield>
    <subfield code="t">Figuras en el espacio.</subfield>
  </datafield>
  <datafield tag="505" ind1="0" ind2=" ">
    <subfield code="a">v. 5--</subfield>
    <subfield code="g">Cap&#xED;tulo 1 --</subfield>
    <subfield code="t">Conjuntos - N&#xFA;meros - Numerales --</subfield>
    <subfield code="g">Cap&#xED;tulo 2 --</subfield>
    <subfield code="t">Adicci&#xF3;n y sustraci&#xF3;n de n&#xFA;meros naturales --</subfield>
    <subfield code="g">Cap&#xED;tulo 3 --</subfield>
    <subfield code="t">Multiplicaci&#xF3;n y divisi&#xF3;n --</subfield>
    <subfield code="g">Cap&#xED;tulo 4 --</subfield>
    <subfield code="t">Teor&#xED;a de los n&#xFA;meros --</subfield>
    <subfield code="g">Cap&#xED;tulo 5 --</subfield>
    <subfield code="t">Proposiciones --</subfield>
    <subfield code="g">Cap&#xED;tulo 6 --</subfield>
    <subfield code="t">Conjunto de n&#xFA;meros fraccionarios --</subfield>
    <subfield code="g">Cap&#xED;tulo 7 --</subfield>
    <subfield code="t">Adicci&#xF3;n y sustraci&#xF3;n de n&#xFA;meros fraccionarios --</subfield>
    <subfield code="g">Cap&#xED;tulo 8 --</subfield>
    <subfield code="t">Multiplicaci&#xF3;n y divisi&#xF3;n de n&#xFA;meros fraccionarios --</subfield>
    <subfield code="g">Cap&#xED;tulo 9 --</subfield>
    <subfield code="t">Geometr&#xED;a --</subfield>
    <subfield code="g">Cap&#xED;tulo 10 --</subfield>
    <subfield code="t">Geometr&#xED;a. Construcciones.</subfield>
  </datafield>
  <datafield tag="942" ind1=" " ind2=" ">
    <subfield code="2">ddc</subfield>
    <subfield code="c">LBS1</subfield>
  </datafield>
  <datafield tag="952" ind1=" " ind2=" ">
    <subfield code="0">0</subfield>
    <subfield code="1">0</subfield>
    <subfield code="2">ddc</subfield>
    <subfield code="5">1</subfield>
    <subfield code="7">0</subfield>
    <subfield code="8">PD</subfield>
    <subfield code="a">BNPHU</subfield>
    <subfield code="b">BNPHU</subfield>
    <subfield code="c">CT</subfield>
    <subfield code="d">2009-07-24</subfield>
    <subfield code="l">0</subfield>
    <subfield code="o"> BNPHU PD </subfield>
    <subfield code="p">374-10</subfield>
    <subfield code="r">2020-06-25</subfield>
    <subfield code="w">2020-06-25</subfield>
    <subfield code="y">LBS1</subfield>
    <subfield code="Z">No se presta</subfield>
  </datafield>
  <datafield tag="999" ind1=" " ind2=" ">
    <subfield code="c">373</subfield>
    <subfield code="d">373</subfield>
  </datafield>
</record>
